European Geography Quiz - Easy to Hard - Statistics

General Stats
  • This quiz has been taken 527 times
    100 since last reset
  • The average score is 51 of 100
Answer Stats
Difficulty Question Answer % Correct
97 % What is the main Language spoken in Monaco? French
98%
100 % What is the Capital of the United Kingdom? London
98%
98 % What is the biggest City in Spain? Madrid
98%
99 % Where is the Colosseum located? Rome
97%
95 % Which war ended in 1918 and reshaped Europe’s borders? World War I
97%
94 % Who was the French military leader defeated at Waterloo? Napoleon Bonaparte
96%
96 % Who painted the Mona-Lisa? Leonardo Da Vinci
95%
93 % What is this only country in history to leave the European Union? United Kingdom
95%
92 % Which Royal passed on the 8th of September 2022 aged 96? Queen Elizabeth II
93%
88 % How did Adolf Hitler die? Suicide
93%
91 % What river flows through the city of London? Thames
91%
90 % What city is considered the birthplace of democracy? Athens
90%
76 % What country, despite being de-facto located in Asia, is part of the European Union? Cyprus
90%
89 % Which country gained independence from Serbia in 2008 Kosovo
90%
84 % Which Italian city was buried by Mount Vesuvius in AD 79? Pompeii
90%
75 % Canada has had a long dispute over Hans Island with which European Country?(This dispute was resolved in 2022) Denmark
89%
78 % Which country established the city of New York? The Netherlands
89%
69 % What is the most populous island in Greece? Crete
87%
85 % On which Peninsula is Spain located? Iberia
87%
77 % Which empire controlled Greece before independence in 1821? Ottoman Empire
87%
87 % When was the Yugoslav War? (Name any Year) 1991
86%
83 % What's the name of the penninsula that was invaded by Russia in 2014? Crimea
86%
79 % Which country was effected by a potato famine, which resulted in over a million deaths and mass emigration? Ireland
86%
74 % Whar is the country with the highest population density in Europe? Monaco
86%
80 % What's the capital of North Macedonia? Skopje
86%
86 % Which Spanish region held an independence referendum on the 1st of October 2017, which was declared illegal, even though 92% voted for independence? Catalonia
85%
82 % Which mountain range separates Europe and Asia? Ural
85%
81 % Which Swedish activist founded the modern climate strike movement? Greta Thunberg
84%
72 % In what city is the Hagia Sophia located in? Istanbul
84%
71 % Which European language has the most native speakers in Europe? Russian
84%
68 % Which country has the most lakes? Finland
79%
73 % What is the longest River in Italy? Po
79%
70 % How was Marie Antoinette killed? Guillotine
76%
66 % What Siblings Duo is known for their famous collection of fairy tales? The Brothers Grimm
75%
67 % What is the hottest European Capital by the average temperature? Valletta
75%
65 % Which country regained independence first from the USSR in 1990? Lithuania
71%
63 % What city was called Stalingrad until 1961? Volgograd
66%
56 % Three European Languages belong to the Uralic Language: Finnish, Hungarian and ...? Estonian
63%
58 % What was the Name of the Dynasty that ruled Russia from 1613 to 1917? Romanov
63%
53 % What's the name of the breakaway state which is considered as part of Moldova? Transnistria
63%
57 % Which Portuguese explorer first sailed around the Cape of Good Hope to India? Vasco da Gama
62%
64 % What was the Capital of France during World War 2? (during the occupation from Nazi Germany) Vichy
62%
59 % What is the highest Mountain in Europe? Elbrus
59%
62 % In what city is the Guggenheim Museum located? Bilbao
58%
55 % Which Norwegian painter is known for “The Scream”? Edvard Munch
56%
46 % What is the traditional language spoken in the nothern parts of Norway, Sweden and Finland? Sami
54%
48 % Whats the name of the Spanish city located near Tangier, Morocco? Ceuta
52%
54 % Who was the famous nurse during the Crimean War? Florence Nightingale
52%
49 % What is Greece called in Greek? Hellas
52%
52 % In which year did Austria join the European Union? 1995
51%
39 % Who is "Europe's Last Dictator" which has been in office since the 20th of July 1994? Alexander Lukashenko
51%
60 % In which city is the oldest still operating university located in? Bologna
51%
17 % In what country would you find the town of "Batman"? Turkey
49%
51 % In percent, how high is Christianity in Europe 70%
48%
47 % In what city is the medieval Alhambra located? Granada
47%
44 % Which ethnic group forms a majority in Kosovo? Albanians
46%
42 % Which city is known as the “Pearl of the Adriatic”? Dubrovnik
46%
61 % What is the most populus island located in the English Channel? Isle of Wight
46%
38 % What is the name of the autonomous island which is part of Finland? Åland
45%
45 % Which famous tennis player was born in Manacor? Rafael Nadal
44%
50 % What is the largest city on the island of Sardinia? Cagliari
42%
40 % Which language is traditionally spoken in the Isle of Man? Manx
42%
37 % What is the largest lake located in Hungary Balaton
41%
36 % In Germany, there are two major cities that have the same name, but how are they called? Frankfurt (Oder) and Frankfurt (Main)
38%
41 % Which country uses the Euro but does not have a formal agreement with the EU? (there are two options) Montenegro or Kosovo
37%
35 % What Bridge connects Sweden and Denmark Oresund Bridge
37%
33 % Which European lake is the largest by surface area? Lake Ladoga
31%
32 % What is the capital of the Faroe Islands? Tórshavn
31%
29 % Which German City was called "Karl-Marx-Stadt" from 1953 until 1990? Chemnitz
29%
34 % In which Austrian state does the Sound of Music play in? Salzburg
27%
27 % The city of Rovaniemi is located near which famous European imaginary line? The Arctic Circle
25%
25 % What island in the Baltic Sea has a UNESCO heritage town? Gotland
24%
31 % Who was the first Chancellor of West Germany? Konrad Adenauer
23%
30 % Which country elected the first ever woman as president in 1980? Iceland
22%
24 % Which European country was once known as Transleithania? Hungary
20%
22 % What is the northernmost city in continental Europe? Hammerfest
18%
23 % Which country has the highest percentage of immigrants? Liechtenstein
16%
43 % What was the first modern-day country to adopt Christianity as their state religion? Malta
15%
21 % What River flows through Prague? Vltava
15%
19 % Which mountain range runs along the Adriatic coast in the Balkans? Dinaric Alps
13%
20 % What is the largest city in Europa starting with the letter Q? Quimper
13%
28 % What island near the Venetian Lagoon is famous for glassmaking? Murano
9%
16 % What is the name of a swedish town that is currently entirely moved 3 kilometers east? Kiruna
7%
13 % What's the name of the abandoned Soviet mining settlement in Svalbard? Pyramiden
7%
14 % What is the westernmost point of mainland Europe? Cabo da Roca
5%
15 % What's the name of a medieval town in Germany with preserved walls? Rothenburg
4%
18 % What is the former Currency of Slovenia? Tolar
4%
3 % What's the highest mountain in Corsica? Monte Cinto
3%
7 % What is the largest island of Finland? Soisalo
3%
10 % What is the name of the plateau covering most of central Spain? The Meseta
3%
6 % What river forms the border between Lithuania and Latvia? Gauja
2%
11 % Which is the highest peak in the Carpathians? Gerlachovský štít
2%
5 % Which Lithuanian ruler converted his country to Christianity in 1387? Jogaila
2%
8 % Which Irish leader led the Easter Rising in 1916? Patrick Pearse
2%
12 % Which European desert is the largest? Tabernas
2%
1 % What is the largest cave system in Europe? The Postojna Caves
2%
9 % Which prehistoric culture is linked to Proto-Indo-Europeans? Yamnaya
2%
4 % What is the deepest lake in Europe? Lake Hornindalsvatnet
1%
2 % Which Germanic language belongs to the Ingvaeonic subgroup? Old Frisian
1%
26 % What is the name of the highest of the seven hills of Rome? The Quirinal Hill
1%
No matching quizzes found
Score Distribution
Percent of People with Each Score
Percentile by Number Answered
Your Score History
You have not taken this quiz since the last reset